Výška optimálneho vlastného vrubu poisťovateľa

Charakteristika niektorých metód určenia časti rizika za ktorú ručí poisťovateľ v rámci stanovenia reťazca optimálnych zaisťovacích ochrán. Použitie postupu s aparátom kolektívneho modelu rizika, metodike skladania zaisťovacích ochrán a stanovenia funkcie celkových nákladov a ziskov.

Salvato in:
Dettagli Bibliografici
Autore principale: Horáková, Galina
Natura: Capitolo di libro
Lingua:slovacco
Soggetti:
Tags: Aggiungi Tag
Nessun Tag, puoi essere il primo ad aggiungerne!!

MARC

LEADER 00000naa$a2200000$$$4500
001 0078837
005 20240502083215.8
041 0 |a slo 
044 |a CZ 
245 1 0 |a Výška optimálneho vlastného vrubu poisťovateľa  |c Galina Horáková 
520 |a Charakteristika niektorých metód určenia časti rizika za ktorú ručí poisťovateľ v rámci stanovenia reťazca optimálnych zaisťovacích ochrán. Použitie postupu s aparátom kolektívneho modelu rizika, metodike skladania zaisťovacích ochrán a stanovenia funkcie celkových nákladov a ziskov. 
610 2 0 |a poisťovatelia 
610 2 0 |a modely 
610 2 0 |a riziko 
610 2 0 |a zaistenie 
610 2 0 |a multiplikátor 
100 1 |a Horáková, Galina